000 01115naa a22003017a 4500
001 BR7405548
003 BR-BrBNA
005 20240918173632.0
007 ta
008 230509b bl.||||| |||| 00| 0 por d
040 _aBR-BrBNA
_bpor
_cBiblioteca Nacional de Agricultura
041 _a(Pt)
072 _aE70
_b0150
_bG514
090 _aE70 BR7405548
100 1 _aSilveira, H.D.
111 1 _aCongresso Estadual de Orizicultura
_cPorto Alegre, RS (Brazil)
_d29 Jan 1966
245 1 _aTransportes [Arroz; Oryza sativa; Transporte maritimo; Transporte rodoviario; Mercado interno; Brasil]
260 3 _aPorto Alegre, RS (Brasil):
_c1966.
500 _aAnais do Congresso Estadual de Orizicultura Porto Alegre, RS (Brasil): 1966. p. 156-159 (BR7405548-AM)E70
650 _aComercializacao
650 _aArroz
650 _aMercado internacional
650 _aTransporte maritimo
650 _aTransporte rodoviario
773 0 _tAnais do Congresso Estadual de Orizicultura
_wE70 BR7405548
_gPorto Alegre, RS (Brasil), 1966. p. 156-159
909 _a202404
_bLucia
_c55
_dLucia Elande
942 _cAM
_2AGRIS
999 _c305884
_d305884